000 00239nam a22000977a 4500
008 260127b |||||||| |||| 00| 0 eng d
020 _a9789350271858
100 _aAggarwal R S
245 _aMathematics-9
260 _aNew Delhi
_bBharati Bhawan
999 _c12849
_d12849